000 00395nam a22001331a 4500
082 _aS 011.44
_bJAG/G
245 _aGurukul Abhilekhakar ki durlabh sahitya sampada/
260 _aHaridwar:
_bSwami Sradhananda Anusandhan Prakasan Kendra,
_c2011.
300 _a615p.
650 _aBibliography Gurukul Publishers
650 _aBibliography Rare Literature
650 _aBibliography
942 _cBK
999 _c16798
_d16798